00501nam a22001577a 450000500170000000800410001702000150005804100130007308200140008610000240010024500650012425000200018926000730020930000350028265000260031720240131102122.0240131b |||||||| |||| 00| 0 eng d a1556815395 aEnglish  a347.7 LUB aLubet, S lEnglish  aModern Trail Advocacy : bAnalysis and Practice / cS Lubet  aSecond Edition  aChicago, Illinois : bNational Institute for Trail Advocacy, c1993  bxxxviii, 538 pages ; c26 cm.  aLegal practice bLaw